| 000 | 00832nam a22002771a 4500 | ||
|---|---|---|---|
| 999 |
_c5545 _d5545 |
||
| 001 | 5545 | ||
| 003 | BD-JhCC | ||
| 005 | 20171217195816.0 | ||
| 008 | 950420s1985 us a 001 0 eng d | ||
| 020 | _a0024242500 | ||
| 035 | _a(BD-JhCC)5545 | ||
| 040 |
_aBD-JhCC _dBD-JhCC |
||
| 041 | _aeng | ||
| 050 | 0 | _aQA76.73.C25 W35 1985 | |
| 082 |
_a001.6424 _bWAL 1985 |
||
| 100 | 1 | _aWalstrom, John A. J. | |
| 245 | 1 | 0 |
_aAdvanced structured COBOL / _cJohn A.J. Walstrom, Marguerite K. Summers, Tate F. Lindahl |
| 260 |
_aNew York : _bMacmillan ; _aLondon : _bCollier Macmillan, _cc1985 |
||
| 300 |
_axiii, 364 p : _bill ; _c28 cm |
||
| 504 | _aIncludes index | ||
| 650 | 0 | _aCOBOL (Computer program language) | |
| 650 | 0 | _aStructured programming | |
| 700 | 1 | _aLindahl, Tate F. | |
| 700 | 1 | _aSummers, Marguerite K. | |
| 942 |
_2ddc _cBK |
||